عرض عادي
عرض مارك
- البابلي، محمد محمود
مدخل إسم شخص
001 - رقم الضبط
- حقل الضبط: 15267
003 - معرف رقم الضبط
- حقل الضبط: OSt
005 - تاريخ ووقت أخر عملية
- حقل الضبط: 20120530101730.0
008 - عناصر بيانات ثابتة الطول
- حقل تحكم ثابت الطول: 120530|||a|||||| | ||| d
040 ## - مصدر الفهرسة
- هيئة الفهرسة الأصلية: OSt
- وكالة الكتابة: OSt
100 ## - مدخل -- أسم شخص
- إسم شخص: البابلي، محمد محمود
670 ## - بيانات المصدر موجوده
- الاستشهاد بالمصدر: Work cat.: (OSt): محرم، زينات محمد 15266, المحاسبة الإدارية :, 2012
